[Event "ESP-ch 88th"]
[Site "Marbella"]
[Date "2023.10.13"]
[Round "1"]
[White "Perez Perez, Gabriel"]
[Black "Hernandez Perez, Jesus"]
[Result "1-0"]
[WhiteElo "2223"]
[BlackElo "1817"]
[PlyCount "165"]
[EventDate "2023.10.13"]
[EventType "swiss"]
[EventRounds "9"]
[EventCountry "ESP"]
[SourceTitle "Mega2024 Update 01"]
[Source "Chessbase"]
[SourceDate "2023.11.12"]
[SourceVersion "1"]
[SourceVersionDate "2023.11.12"]
[SourceQuality "1"]

1. d4 d5 2. Nf3 Nf6 3. g3 e6 4. Bg2 Be7 5. 0-0 0-0 6. b3 b6 7. c4 Bb7 8. Nc3 Nbd7 9. Ne5 c6 10. Bb2 Rc8 11. cxd5 cxd5 12. Nb5 a6 13. Nc3 Qc7 14. e3 Rfd8 15. Nd3 Ne4 16. Rc1 Nxc3 17. Qe1 Qb8 18. Bxc3 a5 19. Qd2 Ba6 20. a4 Rc7 21. Ra1 Rdc8 22. Rfc1 h5 23. Bf1 h4 24. Kg2 hxg3 25. hxg3 Nf6 26. f3 Bd6 27. g4 Nd7 28. Bb2 Rxc1 29. Rxc1 Rc7 30. Be2 Qc8 31. Rxc7 Qxc7 32. Nf2 Bxe2 33. Qxe2 Nb8 34. e4 Qe7 35. e5 Bb4 36. f4 Qd7 37. Qd3 g6 38. Bc1 Qc6 39. Bb2 Qd7 40. Nh1 Qc6 41. f5 gxf5 42. gxf5 exf5 43. Qxf5 Qg6+ 44. Qxg6+ fxg6 45. Nf2 Nc6 46. Ng4 Kf7 47. Nf6 Ke6 48. Kf3 Bd2 49. Ne8 Kd7 50. Nd6 Bg5 51. Nf7 Bd2 52. Ke2 Bf4 53. Nh8 g5 54. Ng6 Bh2 55. Nf8+ Ke7 56. Nh7 Bf4 57. Kf3 Nd8 58. Kg4 Ne6 59. Nf6 Nc7 60. Kf5 Be3 61. e6 Bd2 62. Ba3+ Bb4 63. Bxb4+ axb4 64. Ke5 Nxe6 65. Nxd5+ Kf7 66. Nxb6 g4 67. Nc4 Ke7 68. Ne3 g3 69. Nf5+ Kd7 70. Nxg3 Nd8 71. d5 Nb7 72. Ne4 Na5 73. Nc5+ Ke7 74. d6+ Kd8 75. Ke6 Nc6 76. Nb7+ Kc8 77. Nc5 Kd8 78. d7 Nd4+ 79. Kd6 Nf5+ 80. Kc6 Nd4+ 81. Kb6 Nxb3 82. Nxb3 Kxd7 83. Kb7 1-0

[Event "Erandio op 28th"]
[Site "Erandio"]
[Date "2019.12.16"]
[Round "3"]
[White "Modenes Prado, Josu"]
[Black "Hernandez Perez, Jesus"]
[Result "0-1"]
[WhiteElo "666"]
[BlackElo "1950"]
[PlyCount "104"]
[EventDate "2019.12.14"]
[EventType "swiss"]
[EventRounds "8"]
[EventCountry "ESP"]
[SourceTitle "CBM 194 Extra"]
[Source "ChessBase"]
[SourceDate "2020.03.31"]
[SourceVersion "1"]
[SourceVersionDate "2020.03.31"]
[SourceQuality "1"]

1. d4 d5 2. Bf4 Nf6 3. e3 e6 4. c3 Bd6 5. Bg3 0-0 6. Nf3 c5 7. Nbd2 Qc7 8. Bd3 Nbd7 9. Bxd6 Qxd6 10. 0-0 b6 11. Re1 Bb7 12. e4 dxe4 13. Nxe4 Qf4 14. Qe2 Rfd8 15. Rad1 cxd4 16. Nxd4 Nxe4 17. Bxe4 Bxe4 18. Qxe4 Qxe4 19. Rxe4 Nc5 20. Ree1 Kf8 21. Nc6 Rxd1 22. Rxd1 Ke8 23. Kf1 a5 24. Ne5 Ra7 25. Ke2 Na4 26. Rd2 Rc7 27. Kd1 f6 28. Nf3 e5 29. Kc2 b5 30. Kb1 Rd7 31. Rxd7 Kxd7 32. Kc2 Nc5 33. Nd2 Kc6 34. f3 f5 35. Nf1 g6 36. Ne3 Kd6 37. c4 f4 38. Nd5 bxc4 39. Nb6 a4 40. Nxc4+ Kd5 41. Nd2 Kd4 42. b3 Ke3 43. b4 Ne6 44. Nc4+ Kd4 45. Nb6 e4 46. fxe4 g5 47. Nxa4 g4 48. Kd2 f3 49. gxf3 gxf3 50. Ke1 Ke3 51. b5 f2+ 52. Kf1 Nd4 0-1

[Event "ESP-ch 84th"]
[Site "Marbella"]
[Date "2019.11.21"]
[Round "6"]
[White "Martin Hernandez, Ruben"]
[Black "Hernandez Perez, Jesus"]
[Result "1-0"]
[WhiteElo "2206"]
[BlackElo "1956"]
[PlyCount "47"]
[EventDate "2019.11.16"]
[EventType "swiss"]
[EventRounds "9"]
[EventCountry "ESP"]
[SourceTitle "CBM 193 Extra"]
[Source "ChessBase"]
[SourceDate "2020.01.31"]
[SourceVersion "1"]
[SourceVersionDate "2020.01.31"]
[SourceQuality "1"]

1. Nf3 e6 2. c4 f5 3. g3 Nf6 4. Bg2 d5 5. 0-0 c6 6. d3 dxc4 7. dxc4 Qxd1 8. Rxd1 Bc5 9. Nc3 0-0 10. Bf4 Nbd7 11. Na4 Be7 12. Ne5 Nxe5 13. Bxe5 Nd7 14. Bd6 Kf7 15. b3 Bf6 16. Rac1 Re8 17. e4 Nb6 18. Nc5 e5 19. exf5 Rd8 20. g4 g6 21. Ne4 gxf5 22. Nxf6 Kxf6 23. Bxe5+ Ke7 24. Bf6+ 1-0

[Event "Getxo Semana Santa U2200 op 1st"]
[Site "Getxo"]
[Date "2019.04.28"]
[Round "7"]
[White "Hernandez Perez, Jesus"]
[Black "Elizondo Marquet, Juan Marcos"]
[Result "1/2-1/2"]
[WhiteElo "1957"]
[BlackElo "1835"]
[PlyCount "71"]
[EventDate "2019.04.22"]
[EventType "swiss"]
[EventRounds "7"]
[EventCountry "ESP"]
[SourceTitle "EXT 2024"]
[Source "ChessBase"]
[SourceDate "2023.10.10"]
[SourceVersion "1"]
[SourceVersionDate "2023.10.10"]
[SourceQuality "1"]

1. e4 c5 2. Nf3 d6 3. Bb5+ Nd7 4. d4 cxd4 5. Qxd4 Ngf6 6. Nc3 a6 7. Bxd7+ Bxd7 8. Bg5 e5 9. Qd3 h6 10. Bxf6 Qxf6 11. 0-0 Be6 12. Nd5 Qd8 13. Rfd1 Rc8 14. c4 Bxd5 15. Qxd5 Qc7 16. b3 Be7 17. Ne1 0-0 18. g3 Rfd8 19. Ng2 Qd7 20. Ne3 g6 21. Qd3 Qe6 22. Nd5 Bf8 23. Qe2 Rc5 24. a4 Rb8 25. a5 Kg7 26. f3 Be7 27. h4 Bd8 28. b4 Rc6 29. b5 axb5 30. cxb5 Rc5 31. a6 bxa6 32. bxa6 Ra8 33. Rd2 Qc8 34. Kg2 Qc6 35. Qd3 Ba5 36. Rda2 1/2-1/2

[Event "Euskadi-ch"]
[Site "Zornotza"]
[Date "2015.04.11"]
[Round "6"]
[White "Hernandez Perez, Jesus"]
[Black "Urretabizkaia Merino, Asier"]
[Result "0-1"]
[WhiteElo "2008"]
[BlackElo "2094"]
[PlyCount "68"]
[EventDate "2015.04.06"]
[EventType "swiss"]
[EventRounds "7"]
[EventCountry "ESP"]
[SourceTitle "EXT 2018"]
[Source "ChessBase"]
[SourceDate "2017.10.13"]
[SourceVersion "1"]
[SourceVersionDate "2017.10.13"]
[SourceQuality "1"]

1. e4 c5 2. Nf3 d6 3. c3 Nf6 4. Be2 Nc6 5. d4 cxd4 6. cxd4 Nxe4 7. d5 Qa5+ 8. Nc3 Nxc3 9. bxc3 Ne5 10. Nxe5 dxe5 11. 0-0 Qc7 12. Rb1 Bd7 13. Qb3 0-0-0 14. Be3 Kb8 15. Ba6 Bc8 16. Bb5 e6 17. c4 Be7 18. Bc6 Ka8 19. Qa4 bxc6 20. dxc6 Rd4 21. Bxd4 exd4 22. Rb5 d3 23. Rfb1 d2 24. Qa5 Rd8 25. Qa4 Ba6 26. R5b2 Bc5 27. Rxd2 Rxd2 28. Qxa6 Rxf2 29. Kh1 Bb6 30. Qb5 Rf5 31. Qa4 Rh5 32. h3 Qg3 33. Rb3 Qe1+ 34. Kh2 Bc7+ 0-1

[Event "Euskadi-ch"]
[Site "Zornotza"]
[Date "2014.04.22"]
[Round "2"]
[White "Marchena Hurtado, Ander"]
[Black "Hernandez Perez, Jesus"]
[Result "1-0"]
[WhiteElo "2085"]
[BlackElo "2011"]
[PlyCount "49"]
[EventDate "2014.04.21"]
[EventType "swiss"]
[EventRounds "7"]
[EventCountry "ESP"]
[SourceTitle "CBM 160 Extra"]
[Source "ChessBase"]
[SourceDate "2014.07.01"]
[SourceVersion "1"]
[SourceVersionDate "2014.07.01"]
[SourceQuality "1"]

1. e4 c5 2. Nf3 d6 3. d4 cxd4 4. Nxd4 Nf6 5. Nc3 g6 6. Be3 Bg7 7. f3 0-0 8. Qd2 Nc6 9. Bc4 Bd7 10. 0-0-0 Rc8 11. Bb3 Ne5 12. Kb1 Nc4 13. Bxc4 Rxc4 14. g4 Qb8 15. h4 b5 16. h5 b4 17. Nd5 Nxd5 18. exd5 Rfc8 19. hxg6 fxg6 20. Qh2 Kf7 21. Qf4+ Kg8 22. Rxh7 Rf8 23. Qh2 Kf7 24. Bh6 Rg8 25. Qf4+ 1-0

[Event "Euskadi-ch"]
[Site "Zornotza"]
[Date "2014.04.21"]
[Round "1"]
[White "Hernandez Perez, Jesus"]
[Black "Fernandez Hernandez, Gerardo"]
[Result "0-1"]
[WhiteElo "2011"]
[BlackElo "2223"]
[PlyCount "64"]
[EventDate "2014.04.21"]
[EventType "swiss"]
[EventRounds "7"]
[EventCountry "ESP"]
[SourceTitle "CBM 160 Extra"]
[Source "ChessBase"]
[SourceDate "2014.07.01"]
[SourceVersion "1"]
[SourceVersionDate "2014.07.01"]
[SourceQuality "1"]

1. e4 e6 2. d3 d5 3. Nd2 Nf6 4. g3 Nc6 5. Ngf3 dxe4 6. dxe4 b6 7. c3 a5 8. Bb5 Bd7 9. 0-0 Bc5 10. Qc2 0-0 11. Nb3 Ne5 12. Be2 Nxf3+ 13. Bxf3 Bd6 14. Re1 e5 15. Qe2 a4 16. Nd2 Bc5 17. Nf1 Be6 18. Be3 Qe7 19. Qc2 Nd7 20. b3 f6 21. Red1 Qf7 22. Bxc5 axb3 23. axb3 Rxa1 24. Rxd7 Qxd7 25. Bxf8 Kxf8 26. Be2 Bh3 27. f4 Bxf1 28. Bxf1 exf4 29. e5 Qh3 30. Qf2 Rxf1+ 31. Qxf1 Qxf1+ 32. Kxf1 fxe5 0-1

[Event "Euskadi-ch"]
[Site "Zornotza"]
[Date "2012.04.13"]
[Round "5"]
[White "Hernandez Perez, Jesus"]
[Black "Perez de Miguel, Alvaro"]
[Result "0-1"]
[WhiteElo "2022"]
[BlackElo "2190"]
[PlyCount "160"]
[EventDate "2012.04.09"]
[EventType "swiss"]
[EventRounds "7"]
[EventCountry "ESP"]
[SourceTitle "CBM 147 Extra"]
[Source "ChessBase"]
[SourceDate "2012.04.24"]
[SourceVersion "1"]
[SourceVersionDate "2012.04.24"]
[SourceQuality "1"]

1. e4 c6 2. d4 d5 3. exd5 cxd5 4. Bd3 Nc6 5. c3 Nf6 6. Bf4 Bg4 7. Qb3 Qd7 8. Nd2 e6 9. Ngf3 Bxf3 10. Nxf3 Bd6 11. Bxd6 Qxd6 12. 0-0 0-0 13. Rfe1 Rab8 14. Ne5 b5 15. Nxc6 Qxc6 16. Re3 b4 17. Qc2 Rfc8 18. Rc1 Qb6 19. Qd2 bxc3 20. bxc3 Qb2 21. Rc2 Qb1+ 22. Re1 Qb6 23. f4 Nd7 24. g4 Re8 25. Kg2 Qd6 26. Qf2 f6 27. c4 dxc4 28. Bxc4 Rb4 29. Bb3 Nb6 30. f5 Nd5 31. Rxe6 Rxe6 32. fxe6 Kf8 33. Qf3 Rxd4 34. Bxd5 Rxd5 35. Re2 Ke7 36. Qb3 Rc5 37. Qb7+ Rc7 38. Qe4 Qc6 39. Kg3 Qxe4 40. Rxe4 Rc3+ 41. Kg2 Rc2+ 42. Kg3 Rxa2 43. h4 g6 44. Rc4 Kxe6 45. Rc7 Ra3+ 46. Kg2 h5 47. Rg7 Ra4 48. gxh5 gxh5 49. Rh7 Rxh4 50. Rxa7 Kf5 51. Ra5+ Kg6 52. Kg3 Rb4 53. Rc5 Rg4+ 54. Kf3 Rg5 55. Rc6 h4 56. Rc8 Ra5 57. Rg8+ Kf5 58. Rh8 Ra3+ 59. Kg2 Kg4 60. Rg8+ Kf4 61. Rh8 h3+ 62. Kh2 f5 63. Rg8 Rf3 64. Re8 Re3 65. Rg8 Ke4 66. Re8+ Kd3 67. Rf8 Rf3 68. Re8 f4 69. Rd8+ Ke2 70. Ra8 Re3 71. Ra2+ Kf1 72. Ra4 Rf3 73. Re4 Kf2 74. Re8 Rd3 75. Re4 f3 76. Kxh3 Rd7 77. Kg4 Kg2 78. Ra4 f2 79. Ra2 Rd4+ 80. Kf5 Kg1 0-1

[Event "Euskadi-ch"]
[Site "Zornotza"]
[Date "2010.04.10"]
[Round "6"]
[White "Hernandez Perez, Jesus"]
[Black "Gutierrez Bustillo, Diego"]
[Result "1-0"]
[WhiteElo "2045"]
[BlackElo "2020"]
[PlyCount "76"]
[EventDate "2010.04.05"]
[EventType "swiss"]
[EventRounds "7"]
[EventCountry "ESP"]
[SourceTitle "CBM 136 Extra"]
[Source "ChessBase"]
[SourceDate "2010.07.02"]
[SourceVersion "2"]
[SourceVersionDate "2010.07.15"]
[SourceQuality "1"]

1. d4 Nf6 2. Nf3 g6 3. Bf4 Bg7 4. e3 d6 5. Be2 0-0 6. 0-0 c5 7. c3 Qa5 8. Nbd2 b5 9. a4 b4 10. Nc4 Qd8 11. dxc5 dxc5 12. cxb4 Qxd1 13. Rfxd1 cxb4 14. Nfe5 Bb7 15. Na5 Bd5 16. Rac1 e6 17. Rc7 Ne8 18. Rc8 Nf6 19. Rc7 Ne8 20. Rcc1 Bxe5 21. Bxe5 Nd7 22. Bf4 Nb6 23. b3 f6 24. f3 e5 25. Bg3 Kg7 26. e4 Bg8 27. Be1 Rf7 28. Bxb4 Rc7 29. Rxc7+ Nxc7 30. Nc4 Ne6 31. Nxb6 axb6 32. Rd7+ Kh6 33. Bd2+ g5 34. Bd1 Kg6 35. b4 Nd4 36. Rd6 Bb3 37. Bxb3 Nxb3 38. Bc3 Rxa4 1-0

[Event "Euskadi-ch"]
[Site "Zornotza"]
[Date "2010.04.07"]
[Round "3"]
[White "Hernandez Perez, Jesus"]
[Black "Diez Fraile, David"]
[Result "0-1"]
[WhiteElo "2045"]
[BlackElo "2168"]
[PlyCount "78"]
[EventDate "2010.04.05"]
[EventType "swiss"]
[EventRounds "7"]
[EventCountry "ESP"]
[SourceTitle "CBM 136 Extra"]
[Source "ChessBase"]
[SourceDate "2010.07.02"]
[SourceVersion "2"]
[SourceVersionDate "2010.07.15"]
[SourceQuality "1"]

1. e4 c5 2. Nf3 d6 3. c3 Nf6 4. Bd3 Nc6 5. Bc2 Bg4 6. h3 Bxf3 7. Qxf3 e6 8. 0-0 Be7 9. d3 d5 10. Nd2 Qc7 11. Ba4 a6 12. Bxc6+ Qxc6 13. Re1 Rd8 14. Nf1 dxe4 15. dxe4 c4 16. Qe2 Nd7 17. f3 Ne5 18. Be3 0-0 19. Bd4 Nd3 20. Red1 Rd7 21. Rab1 Rfd8 22. g3 h5 23. h4 b5 24. f4 Bc5 25. Bxc5 Qxc5+ 26. Kg2 Qc6 27. Kg1 Nc5 28. e5 Nd3 29. Nh2 a5 30. Nf3 Qc5+ 31. Nd4 Rxd4 32. cxd4 Qxd4+ 33. Kh2 b4 34. Rg1 Nxf4 35. gxf4 Qxf4+ 36. Kh1 Rd2 37. Qxd2 Qxd2 38. Rg2 Qf4 39. Rf1 Qxf1+ 0-1

[Event "Euskadi-ch"]
[Site "Zornotza"]
[Date "2009.04.18"]
[Round "6"]
[White "Hernandez Perez, Jesus"]
[Black "Agirretxe San Sebastian, Jesus Maria"]
[Result "1-0"]
[WhiteElo "2061"]
[BlackElo "2173"]
[PlyCount "171"]
[EventDate "2009.04.13"]
[EventType "swiss"]
[EventRounds "7"]
[EventCountry "ESP"]
[SourceTitle "EXT 2010"]
[Source "ChessBase"]
[SourceDate "2010.11.25"]
[SourceVersion "1"]
[SourceVersionDate "2010.11.25"]
[SourceQuality "1"]

1. e4 c5 2. Nf3 Nc6 3. d4 cxd4 4. Nxd4 g6 5. Nc3 Bg7 6. Be3 Nf6 7. Bc4 0-0 8. Bb3 Ng4 9. Qxg4 Nxd4 10. Qd1 Nxb3 11. axb3 b6 12. 0-0 Bb7 13. Bd4 Bh6 14. Qd3 f6 15. Rfd1 Bc6 16. Nd5 f5 17. Qh3 Bg7 18. Bxg7 Kxg7 19. e5 e6 20. Nf6 h6 21. Rd4 Rxf6 22. exf6+ Qxf6 23. Qc3 g5 24. Rd6 Qxc3 25. bxc3 Kf6 26. c4 Ke5 27. Rd2 a5 28. c3 g4 29. Re1+ Kf6 30. b4 b5 31. Ra1 a4 32. cxb5 Bxb5 33. f4 gxf3 34. gxf3 d5 35. f4 Rc8 36. Ra3 Rc4 37. Rd4 Rc7 38. Kf2 Ra7 39. Ke3 Bc4 40. Rd2 Bb3 41. Rb2 Rc7 42. Raxb3 axb3 43. Rxb3 Ke7 44. Ra3 Rc4 45. Ra7+ Kd6 46. Ra6+ Kd7 47. Ra7+ Kc6 48. Ra6+ Kd7 49. Ra7+ Kd6 50. Ra6+ Ke7 51. Ra3 Re4+ 52. Kf3 Kd6 53. Ra5 Rc4 54. Ra6+ Kd7 55. Ra7+ Kc6 56. Ra6+ Kb5 57. Rxe6 Rxc3+ 58. Kf2 Rc2+ 59. Kg3 Kxb4 60. Rxh6 d4 61. Rd6 Kc3 62. h4 d3 63. h5 Re2 64. Kh4 Rg2 65. h6 Rg1 66. h7 Rh1+ 67. Kg5 d2 68. Rh6 Rxh6 69. Kxh6 d1Q 70. h8Q+ Kb3 71. Qb8+ Ka2 72. Qa7+ Kb3 73. Qb6+ Ka4 74. Qc6+ Kb4 75. Qb7+ Ka4 76. Qa8+ Kb3 77. Qg8+ Kb2 78. Qg7+ Kc2 79. Qc7+ Kb2 80. Qe5+ Ka3 81. Qxf5 Qd6+ 82. Kg7 Qc7+ 83. Qf7 Qc3+ 84. Kg8 Qg3+ 85. Kf8 Kb2 86. Qg7+ 1-0

[Event "Euskadi-ch"]
[Site "Zornotza"]
[Date "2008.03.30"]
[Round "7"]
[White "Hernandez Perez, Jesus"]
[Black "Ibarretxe Campo, Lander"]
[Result "1-0"]
[WhiteElo "2043"]
[BlackElo "2113"]
[PlyCount "105"]
[EventDate "2008.03.24"]
[EventType "swiss"]
[EventRounds "7"]
[EventCountry "ESP"]
[SourceTitle "CBM 123 Extra"]
[Source "ChessBase"]
[SourceDate "2008.05.06"]
[SourceVersion "1"]
[SourceVersionDate "2008.05.06"]
[SourceQuality "1"]

1. d4 d5 2. Nf3 Nf6 3. Bf4 e6 4. e3 Bd6 5. Bg3 Ne4 6. Bd3 Nd7 7. Bxd6 cxd6 8. c4 Nef6 9. Nc3 dxc4 10. Bxc4 0-0 11. 0-0 a6 12. Rc1 b5 13. Bd3 Bb7 14. a3 Qb6 15. Qe2 e5 16. dxe5 dxe5 17. Bf5 Rfe8 18. Rfd1 Rad8 19. b4 g6 20. Bc2 e4 21. Nd4 Ne5 22. Nb3 Rxd1+ 23. Rxd1 Nc4 24. a4 Bc8 25. axb5 axb5 26. h3 Bf5 27. Nc5 h5 28. Bb3 Nd6 29. Rd4 Rc8 30. Bd5 Rxc5 31. bxc5 Qxc5 32. Qd2 Kg7 33. Bb3 Nb7 34. Nd5 Nd7 35. Qc3 Qxc3 36. Nxc3 Na5 37. Bc2 Nc6 38. Rd6 Nb4 39. Bxe4 Be6 40. Nxb5 Nc5 41. Bf3 Nbd3 42. Nd4 Ne5 43. Nxe6+ Nxe6 44. Be2 Kf8 45. Ra6 Ke7 46. Ra7+ Kf6 47. Ra6 Kg7 48. f4 Nd7 49. Bc4 Nec5 50. Rc6 Kf8 51. Rc7 Ke7 52. Bb5 Kd6 53. Ra7 1-0

[Event "Euskadi-ch"]
[Site "Zornotza"]
[Date "2008.03.29"]
[Round "6"]
[White "Prieto Aranguren, Alain"]
[Black "Hernandez Perez, Jesus"]
[Result "1-0"]
[WhiteElo "2177"]
[BlackElo "2043"]
[PlyCount "84"]
[EventDate "2008.03.24"]
[EventType "swiss"]
[EventRounds "7"]
[EventCountry "ESP"]
[SourceTitle "CBM 123 Extra"]
[Source "ChessBase"]
[SourceDate "2008.05.06"]
[SourceVersion "1"]
[SourceVersionDate "2008.05.06"]
[SourceQuality "1"]

1. d4 e6 2. e4 d5 3. e5 c5 4. c3 Nc6 5. Nf3 Qb6 6. a3 c4 7. g3 Bd7 8. Bh3 Nh6 9. 0-0 Nf5 10. g4 Nh6 11. Nh4 Be7 12. Ng2 0-0-0 13. Nd2 Ng8 14. b3 cxb3 15. Nxb3 Na5 16. Nxa5 Qxa5 17. Bd2 Qa4 18. Qf3 f6 19. exf6 Nxf6 20. Bf4 Ne4 21. c4 Bd6 22. Bxd6 Nxd6 23. cxd5 exd5 24. Qxd5 Bc6 25. Rfc1 Kb8 26. Qe5 Rhe8 27. Qxg7 Ne4 28. Ne3 Rd7 29. Qh6 Rxd4 30. Bg2 Rd2 31. Qf4+ Nd6 32. Rc4 Qa6 33. Bxc6 Rxe3 34. Qxe3 Nxc4 35. Qf4+ Rd6 36. Be4 Nd2 37. Qf8+ Kc7 38. Rc1+ Nc4 39. Qf7+ Kd8 40. Qxc4 Qxa3 41. Qc8+ Ke7 42. Rc7+ Kf6 1-0

[Event "Euskadi-ch"]
[Site "Amorebieta"]
[Date "2006.04.22"]
[Round "6"]
[White "Uria Ramirez, Aitor"]
[Black "Hernandez Perez, Jesus"]
[Result "0-1"]
[WhiteElo "2172"]
[BlackElo "2073"]
[PlyCount "144"]
[EventDate "2006.04.18"]
[EventType "swiss"]
[EventRounds "7"]
[EventCountry "ESP"]
[SourceTitle "CBM 111 Extra"]
[Source "ChessBase"]
[SourceDate "2006.05.09"]
[SourceVersion "1"]
[SourceVersionDate "2006.05.09"]
[SourceQuality "1"]

1. d4 d5 2. Nf3 Nf6 3. Bf4 c5 4. e3 Nc6 5. c3 e6 6. Nbd2 Be7 7. Bd3 0-0 8. Ne5 Bd7 9. h4 cxd4 10. exd4 Rc8 11. g4 Ne8 12. g5 f5 13. gxf6 Nxf6 14. Bg5 Be8 15. Rg1 Kh8 16. Bxf6 Bxf6 17. Qg4 Nxe5 18. dxe5 Bxe5 19. Qxe6 Qf6 20. Qg4 Ba4 21. f3 Bc6 22. Qh5 h6 23. Rg6 Qf4 24. Re6 Rce8 25. Qg6 Qg3+ 26. Kd1 Qxg6 27. Rxg6 Bf6 28. Kc2 Re7 29. h5 Be8 30. Rg2 Bxh5 31. Rh1 Be8 32. Nb3 Ba4 33. Rh5 Re5 34. Rh1 Rfe8 35. Rg4 Bxb3+ 36. axb3 Rg5 37. Rhg1 Rxg4 38. Rxg4 g5 39. Rb4 b6 40. Ra4 Re7 41. Ra1 Kg7 42. Kd2 Be5 43. Rh1 Bf4+ 44. Kc2 Re3 45. Rh3 Re1 46. b4 Re3 47. Bb5 Re1 48. Bd3 Rg1 49. Be2 Rg2 50. Kd3 Kg6 51. b3 h5 52. c4 dxc4+ 53. bxc4 Bd6 54. b5 h4 55. Ke3 Bc5+ 56. Kd3 Kf5 57. Kd2 Kf4 58. Ke1 Ke3 59. Bf1 Rg1 60. f4+ Kxf4 61. Ke2 Rg3 62. Rh2 Ra3 63. Rh1 Ra2+ 64. Kd3 Rf2 65. Kc3 Be7 66. Bd3 g4 67. Be2 h3 68. Bf1 Bc5 69. Be2 h2 70. Kd2 Bd6 71. Kd3 g3 72. Bf1 Bb4 0-1

[Event "Euskadi-ch"]
[Site "Amorebieta"]
[Date "2006.04.21"]
[Round "5"]
[White "Hernandez Perez, Jesus"]
[Black "Galarza Docampo, Karmel"]
[Result "1-0"]
[WhiteElo "2073"]
[BlackElo "2129"]
[PlyCount "45"]
[EventDate "2006.04.18"]
[EventType "swiss"]
[EventRounds "7"]
[EventCountry "ESP"]
[SourceTitle "CBM 111 Extra"]
[Source "ChessBase"]
[SourceDate "2006.05.09"]
[SourceVersion "1"]
[SourceVersionDate "2006.05.09"]
[SourceQuality "1"]

1. d4 Nf6 2. Bg5 e6 3. e4 h6 4. Bxf6 Qxf6 5. c3 g6 6. Bd3 d6 7. Ne2 Bg7 8. f4 Qh4+ 9. g3 Qe7 10. e5 Bd7 11. Be4 Bc6 12. Nd2 dxe5 13. dxe5 Qc5 14. Nd4 Bxe4 15. Nxe4 Qd5 16. Qe2 Nc6 17. Nxc6 Qxc6 18. 0-0-0 Ke7 19. Rd3 Rhd8 20. Rhd1 Rxd3 21. Qxd3 Qe8 22. Qc4 Qc6 23. Qd4 1-0